Segundo seminario de herramientas para la conservación privada en Colombia (Registro nro. 4075)

Detalles MARC
000 -CABECERA
Campo de control 01164nam a2200265 i 4500
005 - FECHA Y HORA DE LA ULTIMA TRANSACCION
Campo de control 20160112030328.0
008 - ELEMENTOS DE LONGITUD FIJA—INFORMACION GENERAL
Campo de control 140313s2004 CK ||||| |||| 00| 0 spa d
020 ## - ISBN
ISBN 9583360376
040 ## - FUENTE DE CATALOGACIÓN
Agencia catalogadora original CO-BoIAVH
Agencia transcriptora CO-BoIAVH
041 ## - IDIOMA
Código de idioma para texto/pista de sonido o título separado Español
044 ## - PAÍS DE PUBLICACIÓN
País de publicación Colombia
082 04 - NUMERO DE CLASIFICACION DECIMAL DEWEY
Número de clasificación 346.04695
Número del ítem S47s
111 2# - ASIENTO PRINCIPAL--NOMBRE DE REUNION
Nombre de reunión o de jurisdicción como elemento de entrada Seminario de herramientas para la conservación privada en Colombia
Lugar de la reunión Bogotá
Fecha de la reunión Octubre 30-31, 2003
Número de la parte/sección/reunión 2
9 (RLIN) 49281
245 ## - MENCION DE TITULO
Título Segundo seminario de herramientas para la conservación privada en Colombia
260 ## - PUBLICACION, DISTRIBUCION, ETC. (PIE DE IMPRENTA)
Lugar de publicación, distribución, etc. Bogotá :
Nombre del editor, distribuidor, etc. WWF Colombia,
Fecha de publicación, distribución, etc. 2004
300 ## - DESCRIPCION FISICA
Extensión 122 página ; .
Dimensiones 28 cm.
650 14 - ASIENTO SECUNDARIO DE MATERIA - TERMINO TEMATICO
Término temático o nombre geográfico como elemento de entrada Conservación de la naturaleza
Subdivisión de forma Congresos, conferencias, etc.
Subdivisión geográfica Colombia
9 (RLIN) 49282
650 24 - ASIENTO SECUNDARIO DE MATERIA - TERMINO TEMATICO
Término temático o nombre geográfico como elemento de entrada Conservación biológica
Subdivisión de forma Congresos, conferencias, etc.
Subdivisión geográfica Colombia
9 (RLIN) 49283
650 24 - ASIENTO SECUNDARIO DE MATERIA - TERMINO TEMATICO
Término temático o nombre geográfico como elemento de entrada Conservación del medio ambiente
Subdivisión de forma Congresos, conferencias, etc.
Subdivisión geográfica Colombia
9 (RLIN) 49284
650 24 - ASIENTO SECUNDARIO DE MATERIA - TERMINO TEMATICO
Término temático o nombre geográfico como elemento de entrada Diversidad biológica
Subdivisión general Conservación
Subdivisión de forma Congresos, conferencias, etc.
Subdivisión geográfica Colombia
9 (RLIN) 49285
710 2# - ASIENTO SECUNDARIO - NOMBRE CORPORATIVO
Nombre corporativo o de jurisdicción como elemento de entrada Fundación Natura
9 (RLIN) 2886
710 ## - ASIENTO SECUNDARIO - NOMBRE CORPORATIVO
Nombre corporativo o de jurisdicción como elemento de entrada The Nature Conservancy
9 (RLIN) 49286
710 2# - ASIENTO SECUNDARIO - NOMBRE CORPORATIVO
Nombre corporativo o de jurisdicción como elemento de entrada Asociación Red Colombiana de reservas Naturales de la Sociedad Civil
9 (RLIN) 49287
942 ## - ELEMENTOS ADICIONALES (KOHA)
Tipo de ítem Libro
Sistema de clasificación Dewey Decimal Classification
Existencias
Withdrawn status Lost status Sistema de Clasificación Damaged status No para préstamo Colección Inventariado Ubicación Permanente Ubicación actual Fecha de adquisición Fuente de Valor Total Checkouts Número topográfico Inventario / Código de Barras Date last seen Ejemplar Price effective from Forma de adquisición Tipo de material
    Dewey Decimal Classification     General Inventariado 2017 Bogotá Bogotá 17/08/2004 TNC   LB-346.04695 S47s 018362 04/12/2012 Ej. 1 04/12/2012   Libro
    Dewey Decimal Classification     General Inventariado 2017 Bogotá Bogotá 16/01/2008     LB-346.04695 S47s 025657 04/12/2012 Ej. 2 04/12/2012   Libro